Top 100 meilleurs sons du rap fr - Statistiques

Statistiques générales
  • Ce quiz a été pris 10 864 fois
    4 784 depuis la dernière actualisation
  • Le résultat moyen est 22 sur 100
Statistiques - réponses
Rang Artistes Titres Streams 15/09/24 % Correct
1 Vegedream Ramenez la coupe à la maison 544,4M =
74%
8 Damso Macarena 253,9M -1
60%
3 Ninho La vie qu'on mène 310,5M +1
59%
11 PNL Au DD 230,1M -2
57%
63 PNL DA 141,0M -1
52%
9 Naps La kiffance 251,7M -3
49%
14 SDM Bolide allemand 217,9M +4
48%
19 Gazo DIE 193,2M -4
45%
26 Niska Réseaux 183,6M -4
44%
16 PNL Deux frères 196,9M =
42%
15 Ninho Lettre à une femme 202,1M +2
40%
4 Jul Bande organisée 299,3M -1
39%
10 Jungeli Petit génie 239,3M +2
39%
13 GIMS SPIDER 225,3M new
39%
98 Jul Tchikita 121,7M +2
39%
12 PNL Onizuka 229,4M -2
37%
6 Heuss L'enfoiré Moulaga 267,3M -1
36%
34 Tiakola Meuda 173,0M +1
34%
46 Yamê Bécane 155,1M new
30%
25 Kalash Mwaka Moon 183,9M -4
30%
70 Favé Urus 134,7M +18
30%
45 Rim'k Air Max 155,2M +1
28%
36 Vegedream Elle est bonne sa mère 167,4M -2
28%
28 Ninho Jefe 179,2M =
28%
52 Nekfeu On verra 150,1M -1
28%
7 Soolking Casanova 263,9M +1
27%
24 Ninho Putana 187,2M +13
27%
21 PNL Béné 188,9M +2
26%
30 Gims J'me tire 177,2M +3
26%
49 Gambi POPOPOP 151,8M -4
26%
62 Jul J'oublie tout 141,8M +19
25%
66 Hatik Angela 139,0M -11
24%
31 Ninho Goutte d'eau 176,0M -2
24%
18 Ninho Maman ne le sait pas 194,7M +1
24%
58 PNL La misère est si belle 145,0M +15
23%
22 Soolking Suavemente 188,8M -2
23%
2 Gims Est-ce que tu m'aimes ? 409,8M =
22%
44 Werenoi Laboratoire 156,3M +43
22%
54 PNL A l'ammoniaque 147,1M -6
21%
93 Jul JCVD 124,2M +6
21%
91 Gims Sapés comme jamais 125,1M +6
21%
99 Sexion d'Assaut Désolé 121,5M new
20%
50 Favé FLASHBACK 151,0M +45
20%
64 PNL Naha 140,9M -11
20%
38 Gradur Ne reviens pas 165,9M -8
20%
32 Oboy TDB 175,8M =
20%
35 MHD Afro Trap Pt. 7 (La puissance) 168,6M +3
19%
42 Damso Feu de bois 159,0M -2
19%
17 Jul La bandite 196,3M +8
19%
76 Niska Salé 131,2M -6
19%
97 Ninho Zipette 122,9M new
19%
27 Oboy Cabeza 179,6M -3
18%
80 ZEG P FADE UP 130,0M -11
18%
75 Soso Maness Petrouchka 131,5M -15
18%
33 GIMS SOIS PAS TIMIDE 175,4M new
18%
88 Zola AMBER 126,4M -5
17%
96 PLK Un peu de haine 123,1M -6
17%
79 Jul Avant la douane 130,7M =
16%
43 Damso Dieu ne ment jamais 157,6M +6
16%
56 PLK Émotif (Booska 1H) 145,8M +3
16%
68 PNL Jusqu'au dernier gramme 136,6M -12
16%
5 GIMS SEYA 281,9M +6
16%
37 Oboy Avec toi 167,1M +5
15%
82 Maes Blanche 129,1M -8
15%
60 Damso Mosaïque solitaire 141,9M -8
15%
92 PNL Uranus 124,9M new
15%
71 Naps 6.3 134,1M -7
14%
40 Soolking Balader 163,4M +1
14%
73 Koba LaD Daddy chocolat 133,1M -7
14%
65 Gazo HAINE&SEX 139,6M -8
14%
89 Maes Madrina 126,1M -4
14%
69 PLK Attentat 135,6M +2
13%
67 Maes Distant 138,1M -9
13%
84 Josman J'aime bien ! 127,7M new
13%
72 Gambi PETETE 133,9M new
13%
23 PNL J'comprends pas 187,6M +13
12%
61 Werenoi Solitaire 141,9M +15
12%
100 PNL 91's 121,4M -14
11%
57 Naps Best Life 145,0M -3
11%
47 Dadju Grand bain 154,1M +3
11%
29 Soolking Meleğim 177,6M -2
11%
90 PLK Pilote 125,6M -8
11%
55 Dinos Placebo 146,9M +29
11%
20 Morad Se Grita 193,1M +11
11%
41 Damso Signaler 159,3M +3
11%
85 Maes Dybala 127,5M -5
10%
86 Moha La Squale Ma belle 127,2M -8
10%
87 Niska Médicament 127,1M -19
10%
48 Heuss L'enfoiré Saiyan 152,9M +15
10%
83 Jul Toto et Ninetta 128,2M +8
10%
81 Nekfeu Elle pleut 129,9M -6
9%
39 DTF Me Gusta 165,5M =
9%
77 Ninho VVS 131,2M -10
9%
95 Gazo FLEURS 123,2M -3
8%
53 Alonzo TOUT VA BIEN 149,5M -10
8%
74 Nekfeu Dans l'univers 133,0M -9
7%
51 Naza Joli bébé 150,6M -4
6%
59 Jul La street 142,6M +2
6%
78 Damso J Respect R 130,9M -6
5%
94 Nekfeu Tricheur 123,4M -17
5%
Aucun quiz correspondant
Distribution des résultats
% des personnes avec chaque résultat
Percentile par nombre de réponses
Votre historique - résultats
Vous n’avez pas pris ce quiz depuis la dernière actualisation